| 000 | 00494nam a2200181Ia 4500 | ||
|---|---|---|---|
| 001 | 3235 | ||
| 005 | 20260306144906.0 | ||
| 008 | 260306t2024||||xx |||||||||||||| ||spa|| | ||
| 041 | _aESP | ||
| 082 |
_a262.91 _bB45 |
||
| 100 |
_aBerckholtz Benavides, Klaus, _eAUT |
||
| 245 | 0 |
_aEl camino interior : _bla autoconciencia de la Iglesia en la Ecclesiam Suam de San Pablo VI |
|
| 260 | _c2024 | ||
| 300 |
_a446 páginas : _c22 cm. |
||
| 650 | _aGEN | ||
| 654 | _aCHU | ||
| 942 |
_cLIB _dJUS _fJUS _2ddc _n |
||
| 999 |
_c3235 _d3235 |
||